000 00579nam a2200181Ia 4500
005 20250508150805.0
008 008 250505s9999 xx 000 0 eng d
037 _aTextual
040 _aFEDL
_beng
_cFEDL
041 _aeng
_2eng
084 _a655, WHE
_qFEDL
100 _aWhetton Harry Ed.
_9757651
245 0 _aPractical printing and inding: A complete guide to the latest developments in all branches of the printer's craft
260 _aLondon, UK
_bOdhams Press Limited
_c1946
300 _a448p.
942 _cTEXL
_h655, WHE
999 _c1325684
_d1325684